[Event "Kragero op"]
[Site "Kragero"]
[Date "2023.02.25"]
[Round "8"]
[White "Nordquelle, Daniel"]
[Black "Bazilius, Augustinas"]
[Result "1-0"]
[WhiteElo "2141"]
[BlackElo "2205"]
[PlyCount "36"]
[EventDate "2023.02.22"]
[EventType "swiss"]
[EventRounds "9"]
[EventCountry "NOR"]
[SourceTitle "CBM 212 Extra"]
[Source "ChessBase"]
[SourceDate "2023.03.31"]
[SourceVersion "1"]
[SourceVersionDate "2023.03.31"]
[SourceQuality "1"]

1. e4 e6 2. d4 d5 3. Nd2 c5 4. exd5 Qxd5 5. Ngf3 cxd4 6. Bc4 Qd6 7. 0-0 Nf6 8. Nb3 Nc6 9. Qe2 a6 10. Rd1 b5 11. Bd3 Bb7 12. a4 b4 13. Nbxd4 Nxd4 14. Nxd4 Be7 15. Nb3 Qc7 16. a5 Nd5 17. Be4 0-0 18. Rd3 Qe5 1-0

[Event "Kragero op"]
[Site "Kragero"]
[Date "2023.02.22"]
[Round "1"]
[White "Urkedal, Frode Olav Olsen"]
[Black "Nordquelle, Daniel"]
[Result "1-0"]
[WhiteElo "2543"]
[BlackElo "2141"]
[PlyCount "85"]
[EventDate "2023.02.22"]
[EventType "swiss"]
[EventRounds "9"]
[EventCountry "NOR"]
[SourceTitle "CBM 212 Extra"]
[Source "ChessBase"]
[SourceDate "2023.03.31"]
[SourceVersion "1"]
[SourceVersionDate "2023.03.31"]
[SourceQuality "1"]

1. d4 d5 2. c4 e6 3. Nc3 c6 4. e4 dxe4 5. Nxe4 Bb4+ 6. Bd2 Qxd4 7. Bxb4 Qxe4+ 8. Be2 Na6 9. Bd6 Nh6 10. Qd2 f6 11. 0-0-0 Nf7 12. f3 Qg6 13. Bd3 Qh6 14. Bf4 Qh5 15. g4 Qc5 16. Be3 Qe7 17. h4 e5 18. a3 Be6 19. Qc2 h6 20. Ne2 0-0-0 21. Bxa7 Nc5 22. Bb6 Rxd3 23. Rxd3 Nxd3+ 24. Qxd3 h5 25. Rd1 hxg4 26. Qc2 Nd6 27. Qa4 Bxc4 28. Qa8+ Kd7 29. Qxb7+ Ke6 30. Nf4+ Kf7 31. Qxe7+ Kxe7 32. Ng6+ Ke6 33. Nxh8 gxf3 34. Kd2 Be2 35. Rc1 f5 36. Rxc6 Kd5 37. Rc5+ Ke6 38. Ke1 e4 39. Ng6 Kf6 40. Rc6 Kxg6 41. Rxd6+ Kh5 42. Be3 Kxh4 43. Rg6 1-0

[Event "Titled Tuesday intern op 17th Jan Early"]
[Site "Chess.com INT"]
[Date "2023.01.17"]
[Round "1"]
[White "Ginzburg, Yakov"]
[Black "Nordquelle, Daniel"]
[Result "1-0"]
[WhiteElo "2405"]
[BlackElo "2151"]
[PlyCount "121"]
[EventDate "2023.01.17"]
[EventType "swiss (blitz)"]
[EventRounds "11"]
[EventCountry "USA"]
[SourceTitle "CBM 212 Extra"]
[Source "ChessBase"]
[SourceDate "2023.03.31"]
[SourceVersion "1"]
[SourceVersionDate "2023.03.31"]
[SourceQuality "1"]

1. e4 c5 2. Nf3 d6 3. c3 Nf6 4. Be2 b6 5. 0-0 Bb7 6. e5 dxe5 7. Nxe5 Nbd7 8. d4 e6 9. Bf3 Qc8 10. Bg5 Bd6 11. Nc4 Bb8 12. Bxb7 Qxb7 13. dxc5 Nxc5 14. Bxf6 gxf6 15. Nbd2 Rg8 16. Qf3 Qxf3 17. Nxf3 Ke7 18. Rad1 Bc7 19. Nd4 a6 20. Nc6+ Ke8 21. Rfe1 Rc8 22. Na7 Ra8 23. Nc6 Rc8 24. b4 Na4 25. Rd3 b5 26. Nd6+ Bxd6 27. Rxd6 Nxc3 28. Re3 Na4 29. Red3 Kf8 30. h4 Rg4 31. h5 Rc4 32. Rd8+ Rxd8 33. Rxd8+ Kg7 34. Ne7 Rxb4 35. Rg8+ Kh6 36. g4 Nc5 37. Nc6 Rf4 38. Kg2 Ne4 39. f3 Nd2 40. Kg3 Rxf3+ 41. Kh4 Rf4 42. Ne7 f5 43. Kg3 Rxg4+ 44. Rxg4 fxg4 45. Kxg4 Kg7 46. Kg5 Nc4 47. h6+ Kf8 48. Kf6 b4 49. Nc6 Nd6 50. Nxb4 a5 51. Nc6 a4 52. Nd4 Ne8+ 53. Ke5 Ke7 54. Nc6+ Kd7 55. Nd4 f6+ 56. Ke4 Kd6 57. Nf3 Nc7 58. Kf4 Kd5 59. Ke3 Nb5 60. Nh2 f5 61. Nf3 1-0

[Event "Titled Tuesday intern op 17th Jan Early"]
[Site "Chess.com INT"]
[Date "2023.01.17"]
[Round "2"]
[White "Kuzmin, Roman"]
[Black "Nordquelle, Daniel"]
[Result "1-0"]
[WhiteElo "2249"]
[BlackElo "2151"]
[PlyCount "49"]
[EventDate "2023.01.17"]
[EventType "swiss (blitz)"]
[EventRounds "11"]
[EventCountry "USA"]
[SourceTitle "CBM 212 Extra"]
[Source "ChessBase"]
[SourceDate "2023.03.31"]
[SourceVersion "1"]
[SourceVersionDate "2023.03.31"]
[SourceQuality "1"]

1. e4 c5 2. Nf3 d6 3. d4 cxd4 4. Nxd4 Nf6 5. Nc3 a6 6. Be2 e5 7. Nb3 Be7 8. Be3 b5 9. a4 b4 10. Nd5 Bb7 11. Bb6 Qc8 12. Nc7+ Kf8 13. f3 Nbd7 14. Nxa8 Bxa8 15. Bf2 d5 16. exd5 Nxd5 17. 0-0 Nf4 18. Bxa6 Qxa6 19. Qxd7 g6 20. Nc5 Qf6 21. Ne4 Ne2+ 22. Kh1 Qf4 23. Rae1 Bxe4 24. fxe4 Qg4 25. Qxg4 1-0

[Event "NOR-chT Elite 2122"]
[Site "Norway"]
[Date "2021.10.30"]
[Round "2.1"]
[White "Nordquelle, Daniel"]
[Black "Demac, Elias"]
[Result "1-0"]
[WhiteElo "2143"]
[BlackElo "2232"]
[PlyCount "123"]
[EventDate "2021.10.28"]
[EventType "team-tourn"]
[EventRounds "9"]
[EventCountry "NOR"]
[SourceTitle "EXT 2024"]
[Source "ChessBase"]
[SourceDate "2023.10.10"]
[SourceVersion "1"]
[SourceVersionDate "2023.10.10"]
[SourceQuality "1"]
[WhiteTeam "Nordstrand"]
[BlackTeam "Bergens"]
[WhiteTeamCountry "NOR"]
[BlackTeamCountry "NOR"]

1. e4 c6 2. d4 d5 3. e5 Bf5 4. Nf3 e6 5. Be2 Nd7 6. 0-0 h6 7. Nbd2 Ne7 8. Nb3 g5 9. a4 Bg7 10. a5 Bh7 11. a6 b6 12. Ne1 Nf5 13. Bd2 Qe7 14. c3 0-0 15. Bd3 f6 16. exf6 Bxf6 17. Nc2 e5 18. Ne3 e4 19. Be2 Qd6 20. Bg4 Nh4 21. c4 Bd8 22. cxd5 cxd5 23. Rc1 Nf6 24. Qc2 Nxg4 25. Nxg4 e3 26. Bb4 Qxb4 27. Qc6 exf2+ 28. Kh1 Be4 29. Qe6+ Kh8 30. Qxh6+ Kg8 31. Qe6+ Kh8 32. Qh6+ Bh7 33. Nc5 Be7 34. Ne6 Nf5 35. Qh5 Rac8 36. Rxc8 Rxc8 37. Nxf2 Qd6 38. Re1 Bf6 39. g4 Ng7 40. Qf7 Bxd4 41. Nxd4 Rf8 42. Qe7 Qf4 43. Qxg7+ Kxg7 44. Ne6+ Kf6 45. Nxf4 gxf4 46. Kg2 Rc8 47. Kf3 Rc4 48. h4 Ra4 49. g5+ Kf7 50. h5 Rxa6 51. Ng4 Be4+ 52. Kxf4 Ra2 53. Re2 Ra4 54. Ke5 Ke7 55. Nf6 Bf3 56. Rf2 Bd1 57. Nxd5+ Ke8 58. h6 Rh4 59. Nf6+ Kf7 60. Rd2 Bb3 61. Rd7+ Kg6 62. Rg7# 1-0

[Event "Oslo Offerspill op"]
[Site "Oslo"]
[Date "2020.06.14"]
[Round "5"]
[White "Gjestemoen Vonhirsch, Andre"]
[Black "Nordquelle, Daniel"]
[Result "1-0"]
[WhiteElo "2077"]
[BlackElo "2284"]
[PlyCount "47"]
[EventDate "2020.06.10"]
[EventType "swiss"]
[EventRounds "9"]
[EventCountry "NOR"]
[SourceTitle "CBM 197 Extra"]
[Source "ChessBase"]
[SourceDate "2020.09.30"]
[SourceVersion "1"]
[SourceVersionDate "2020.09.30"]
[SourceQuality "1"]

1. e4 c5 2. Nf3 d6 3. d4 cxd4 4. Nxd4 Nf6 5. Nc3 a6 6. h3 e5 7. Nb3 Be6 8. f4 g6 9. Be2 Nc6 10. 0-0 Be7 11. f5 gxf5 12. exf5 Bxb3 13. axb3 d5 14. Bg5 Nd4 15. Bf3 Nxf5 16. Bxf6 Bc5+ 17. Kh2 Qxf6 18. Bg4 Bd6 19. Rxf5 Qg6 20. Nxd5 e4+ 21. Kh1 h5 22. Nf6+ Ke7 23. Nxh5 Rh7 24. Rf6 1-0

[Event "Oslo Offerspill op"]
[Site "Oslo"]
[Date "2020.06.10"]
[Round "1"]
[White "Johansson, Linus"]
[Black "Nordquelle, Daniel"]
[Result "1-0"]
[WhiteElo "2476"]
[BlackElo "2284"]
[PlyCount "77"]
[EventDate "2020.06.10"]
[EventType "swiss"]
[EventRounds "9"]
[EventCountry "NOR"]
[SourceTitle "CBM 197 Extra"]
[Source "ChessBase"]
[SourceDate "2020.09.30"]
[SourceVersion "1"]
[SourceVersionDate "2020.09.30"]
[SourceQuality "1"]

1. d4 d5 2. c4 e6 3. Nc3 c6 4. Nf3 dxc4 5. a4 Bb4 6. g3 b5 7. Bg2 Bb7 8. 0-0 a6 9. Ne4 Nf6 10. Nxf6+ gxf6 11. e4 Nd7 12. Bh6 Bf8 13. Bxf8 Kxf8 14. Qd2 Kg7 15. Qf4 Re8 16. Rfd1 Nb6 17. h4 Nxa4 18. Nh2 Nb6 19. Ng4 Nd7 20. e5 f5 21. Nh2 Qe7 22. g4 fxg4 23. Nxg4 Kh8 24. Nf6 Nxf6 25. exf6 Qd7 26. Kh2 Rg8 27. Be4 c5 28. dxc5 Qc8 29. Rg1 Bxe4 30. Rxg8+ Qxg8 31. Qxe4 Qb8+ 32. Kh3 Qd8 33. Rd1 Qf8 34. Rd7 Rc8 35. c6 Qh6 36. Qd4 Rg8 37. Rd8 e5 38. Rxg8+ Kxg8 39. Qd8+ 1-0

[Event "Kragero op"]
[Site "Kragero"]
[Date "2020.02.19"]
[Round "2"]
[White "Nordquelle, Daniel"]
[Black "Seo, Jung Min"]
[Result "1/2-1/2"]
[WhiteElo "2242"]
[BlackElo "2424"]
[PlyCount "49"]
[EventDate "2020.02.19"]
[EventType "swiss"]
[EventRounds "9"]
[EventCountry "NOR"]
[SourceTitle "CBM 195 Extra"]
[Source "ChessBase"]
[SourceDate "2020.05.31"]
[SourceVersion "1"]
[SourceVersionDate "2020.05.31"]
[SourceQuality "1"]

1. e4 c5 2. Nf3 d6 3. d4 cxd4 4. Nxd4 Nf6 5. f3 e6 6. c4 Be7 7. Nc3 0-0 8. Be2 Nc6 9. Be3 d5 10. cxd5 exd5 11. Nxc6 bxc6 12. exd5 Bb4 13. dxc6 Qe7 14. Kf2 Re8 15. Qd2 Bc5 16. Ne4 Nxe4+ 17. fxe4 Qh4+ 18. g3 Qf6+ 19. Kg2 Bxe3 20. Qxe3 Qxc6 21. Bf3 Qc2+ 22. Qe2 Qxe2+ 23. Bxe2 Bb7 24. Bf3 Bxe4 25. Rhe1 1/2-1/2

[Event "Karlstad op"]
[Site "Karlstad"]
[Date "2019.12.29"]
[Round "7"]
[White "Sidali, Elias Hulleberg"]
[Black "Nordquelle, Daniel"]
[Result "0-1"]
[WhiteElo "1830"]
[BlackElo "2226"]
[PlyCount "64"]
[EventDate "2019.12.27"]
[EventType "swiss"]
[EventRounds "8"]
[EventCountry "SWE"]
[SourceTitle "CBM 195 Extra"]
[Source "ChessBase"]
[SourceDate "2020.05.31"]
[SourceVersion "1"]
[SourceVersionDate "2020.05.31"]
[SourceQuality "1"]

1. d4 d5 2. Bf4 Nf6 3. e3 c5 4. c3 Nc6 5. Nd2 Bf5 6. Qb3 Qd7 7. Ngf3 c4 8. Qd1 e6 9. Nh4 Bg4 10. Be2 Bxe2 11. Qxe2 b5 12. e4 Be7 13. exd5 Nxd5 14. Bg3 f5 15. Qh5+ Kd8 16. Ng6 Qe8 17. Nf4 Qxh5 18. Nxh5 g5 19. Be5 Nxe5 20. dxe5 Ke8 21. Ng3 Nf4 22. 0-0 Kf7 23. a4 a6 24. Nf3 g4 25. Nd4 Bc5 26. Nge2 Nd3 27. axb5 axb5 28. Rxa8 Rxa8 29. Nxb5 Nxe5 30. Ned4 Rb8 31. Re1 Nd3 32. Rxe6 Rxb5 0-1

[Event "Skien-ch U20"]
[Site "Skien"]
[Date "2019.11.09"]
[Round "3"]
[White "Vestby Ellingsen, Mads"]
[Black "Nordquelle, Daniel"]
[Result "1-0"]
[WhiteElo "2351"]
[BlackElo "2190"]
[PlyCount "41"]
[EventDate "2019.11.08"]
[EventType "swiss"]
[EventRounds "7"]
[EventCountry "NOR"]
[SourceTitle "CBM 193 Extra"]
[Source "ChessBase"]
[SourceDate "2020.01.31"]
[SourceVersion "1"]
[SourceVersionDate "2020.01.31"]
[SourceQuality "1"]

1. e4 c5 2. Nf3 d6 3. Nc3 Nf6 4. e5 dxe5 5. Nxe5 a6 6. g3 Qc7 7. d4 b6 8. Bf4 g5 9. Bxg5 Bb7 10. Rg1 cxd4 11. Qxd4 Bg7 12. Nc4 b5 13. Nb6 Ra7 14. Bf4 Nc6 15. Qxf6 Bxf6 16. Bxc7 Nd4 17. Bb8 Nf3+ 18. Kd1 Ra8 19. Nxa8 Bxa8 20. Rg2 0-0 21. Bc7 1-0